000 00395 a2200169 4500
001 14864
020 _a9788526292352
040 _cAnchieta - Aquarius
100 _aDieterlé, Nathalie
240 1 0 _aZekeyê e os olhos da noite
_lpor
245 1 0 _aZekeyê e os olhos da noite
300 _a37
362 0 _a2013
440 1 _aScipione
650 4 _aLiteratura infanto-juvenil
942 _cBK
999 _c14864
_d14864